000 01192nam a2200301 c 4500
003 BLK
005 20180422101201.0
008 180408b bul|||||r ||||||| ||bul||
010 _aKNG00049996000
040 _aBLK
041 _aBUL
_cBUL
080 _aАмериканска литература (на САЩ)
_b821.111(73)
_x-312.9
_z821.111(73)-312.9
100 1 _aСаймък, Клифърд Д.
_eпърви автор
_9118469
700 1 _aИкономов, Емануел Георгиев
_eпрев. от англ.
_9364109
139 _aСаймък, Клифърд Д.
_bС 13
245 1 0 _aПланетата на Шекспир
_bНаучнофантаст. роман
_cКлифърд Д. Саймък; прев. от англ. Емануел Георгиев Икономов.
257 _aUSA
260 София
_bОтечество
_c1990
300 _a216 с.
_bс ил.
_c17 см
380 _aX
490 1 _aФантастика
500 _aОриг. загл. Shakspeare's Planet / Clifford D. Simak
852 _aЦб І 24995
856 4 _qpdf
_u
856 4 _qpdf
_u
942 _cKNG
_n0
944 _aCR
_c26.05.2005
_kНаталия_Медовщикова
944 _aED
_c13.02.2009
_k
999 _c46191
_d46191